<?xml version="1.0" encoding="UTF-8"?>
<record
    xmlns:xsi="http://www.w3.org/2001/XMLSchema-instance"
    xsi:schemaLocation="http://www.loc.gov/MARC21/slim http://www.loc.gov/standards/marcxml/schema/MARC21slim.xsd"
    xmlns="http://www.loc.gov/MARC21/slim">

  <leader>02405    a2200217   4500</leader>
  <controlfield tag="001">46852</controlfield>
  <controlfield tag="005">20260407155738.0</controlfield>
  <controlfield tag="008">260407a1976    arg                 spa d</controlfield>
  <controlfield tag="003">AR-UNSa-BCEJYS</controlfield>
  <datafield tag="040" ind1=" " ind2=" ">
    <subfield code="a">AR-UNSa-BCEJYS</subfield>
    <subfield code="b">spa</subfield>
    <subfield code="c">AR-UNSa-BCEJYS</subfield>
  </datafield>
  <datafield tag="080" ind1=" " ind2=" ">
    <subfield code="a">342</subfield>
    <subfield code="x">Derecho constitucional (Derecho P&#xFA;blico)</subfield>
  </datafield>
  <datafield tag="245" ind1="1" ind2="0">
    <subfield code="a">Instituciones de Derecho P&#xFA;blico</subfield>
  </datafield>
  <datafield tag="250" ind1=" " ind2=" ">
    <subfield code="a">2a. ed.</subfield>
  </datafield>
  <datafield tag="264" ind1=" " ind2="1">
    <subfield code="a">Buenos Aires :</subfield>
    <subfield code="b">El Coloquio</subfield>
    <subfield code="c">1976</subfield>
  </datafield>
  <datafield tag="300" ind1=" " ind2=" ">
    <subfield code="a">718 p.</subfield>
    <subfield code="c">22 cm.</subfield>
  </datafield>
  <datafield tag="505" ind1=" " ind2=" ">
    <subfield code="a">1. El Estado - 2. Formas de Estado y Forma de Gobierno - 3. La Constituci&#xF3;n - 4. Antecedentes constitucionales argentinos - 5. La Constituci&#xF3;n Argentina - 6. La forma de gobierno : El r&#xE9;gimen representativo republicano - 7. Organizaci&#xF3;n federal argentina - 8. Religi&#xF3;n y Estado - 9. R&#xE9;gimen municipal - 10. Residencia de las autoridades nacionales - 11. Ciudadan&#xED;a, nacionalizaci&#xF3;n, r&#xE9;gimen constitucional de los extranjeros y expulsi&#xF3;n de &#xE9;stos - 12. Relaciones internacionales y tratados - 13. Defensa de la patria y fuerzas armadas - 14. La reforma constitucional - 15. Los poderes del Estado I - 16. Los poderes del Estado II - 17. Los poderes del Estado III - 18. Los poderes del Estado IV - 19. Los poderes del Estado V - 20.Los poderes del Estado VI - 21. Los poderes del Estado VII - 22. Derechos civiles - 23. Garant&#xED;as de la libertad y seguridad individuales. El Habeas Corpus y el amparo - 24. Irretroactividad de la Ley Penal - 25. La igualdad - 26. Suspens&#xED;on de las garant&#xED;as individuales - 27. El estado y la actividad econ&#xF3;mica - 28. La prioridad - 29. Otras limitaciones a la propiedad - 30. La igualdad en el orden econ&#xF3;mico y los derechos sociales - 31. La unidad econ&#xF3;mica territorial y el tesoro nacional - 32. El Tesoro Nacional - 33. Los poderes econ&#xF3;micos del congreso - 34. El derecho administrativo - 35. Los actos administrativos - 36. La organizaci&#xF3;n administrativa - 37. Agentes de la administraci&#xF3;n p&#xFA;blica - 38. Servicios p&#xFA;blicos - 39. Contratos administrativos - 40. El poder de polic&#xEC;a en el derecho administrativo - 41. Patrimonio del estado - 42. La administraci&#xF3;n y la justicia - 43. La responsabilidad del Estado - 44. El Estado y las empresas - 45. La planificaci&#xF3;n econ&#xF3;mica por &#xF3;rganos administrativos - 46. Procedimientos Administrativos.    </subfield>
  </datafield>
  <datafield tag="041" ind1=" " ind2=" ">
    <subfield code="a">spa</subfield>
  </datafield>
  <datafield tag="942" ind1=" " ind2=" ">
    <subfield code="c">BK</subfield>
  </datafield>
  <datafield tag="590" ind1=" " ind2=" ">
    <subfield code="a">niveau_biblio:m niveau_hierar:0</subfield>
  </datafield>
  <datafield tag="100" ind1="1" ind2=" ">
    <subfield code="a">Lozada, Salvador Mar&#xED;a</subfield>
  </datafield>
  <datafield tag="999" ind1=" " ind2=" ">
    <subfield code="c">4252</subfield>
    <subfield code="d">4252</subfield>
  </datafield>
  <datafield tag="952" ind1=" " ind2=" ">
    <subfield code="0">0</subfield>
    <subfield code="1">0</subfield>
    <subfield code="4">0</subfield>
    <subfield code="7">0</subfield>
    <subfield code="a">BCEJYS</subfield>
    <subfield code="b">BCEJYS</subfield>
    <subfield code="c">16</subfield>
    <subfield code="d">2026-04-07</subfield>
    <subfield code="l">0</subfield>
    <subfield code="o">342 L925 2ed.</subfield>
    <subfield code="p">L13456</subfield>
    <subfield code="r">2026-04-07 15:57:38</subfield>
    <subfield code="w">2026-04-07</subfield>
    <subfield code="y">L</subfield>
  </datafield>
  <datafield tag="952" ind1=" " ind2=" ">
    <subfield code="0">0</subfield>
    <subfield code="1">0</subfield>
    <subfield code="4">0</subfield>
    <subfield code="7">0</subfield>
    <subfield code="a">BCEJYS</subfield>
    <subfield code="b">BCEJYS</subfield>
    <subfield code="c">16</subfield>
    <subfield code="d">2026-04-07</subfield>
    <subfield code="l">0</subfield>
    <subfield code="o">342 L925 2ed.</subfield>
    <subfield code="p">L13457</subfield>
    <subfield code="r">2026-04-07 15:57:38</subfield>
    <subfield code="w">2026-04-07</subfield>
    <subfield code="y">L</subfield>
  </datafield>
  <datafield tag="952" ind1=" " ind2=" ">
    <subfield code="0">0</subfield>
    <subfield code="1">0</subfield>
    <subfield code="4">0</subfield>
    <subfield code="7">0</subfield>
    <subfield code="a">BCEJYS</subfield>
    <subfield code="b">BCEJYS</subfield>
    <subfield code="c">16</subfield>
    <subfield code="d">2026-04-07</subfield>
    <subfield code="l">0</subfield>
    <subfield code="o">342 L925 2ed.</subfield>
    <subfield code="p">L26855</subfield>
    <subfield code="r">2026-04-07 15:57:38</subfield>
    <subfield code="w">2026-04-07</subfield>
    <subfield code="y">L</subfield>
  </datafield>
</record>
